000 00269nam a22001217a 4500
040 _cSK
082 _a591
100 _aNA
245 _aLaboratory training, management and water quality and nutrient analysis
260 _aNA
_bNA
_c1998
300 _a44p.
942 _cEK
999 _c9111
_d9111